000 00376nam a2200157Ia 4500
008 130318s9999 xx 000 0 und d
020 _a9788120311480
082 _a577 KOR/C;3
100 _aKormondy, Edward J
245 _aConcepts of Ecology
250 _a4
260 _bPHI Learning
_aNew Delhi
_c1996
300 _a559
650 _aECOSYSTEMS
650 _aHUMAN ECOLOGY
999 _c2410
_d2410